| 000 | 01182nam a22002537a 4500 | ||
|---|---|---|---|
| 005 | 20170124103104.0 | ||
| 010 | _aB-038426 | ||
| 020 |
_c200.00 _a8185829993 |
||
| 035 | _aB-038426 | ||
| 037 | _bCen Lib/Ret | ||
| 040 |
_aDPL _bHN |
||
| 082 |
_a954.11 _bजुगरा |
||
| 100 |
_aजुगरान, रवींद्र _977812 |
||
| 245 |
_aरक्तरंजित जम्मू कश्मीर / _cरवींद्र जुगरान |
||
| 246 |
_aRakranjit jammu kashmir / _bby Ravindra Jugran |
||
| 260 |
_aदिल्ली _bज्ञान गंगा _c2001 |
||
| 270 |
_a205-सी, चावडी बाज़ार _bदिल्ली _e110006 |
||
| 300 |
_a234पृ. : _c21सेमी (सजिल्द) _bसचित्र |
||
| 650 |
_aभौगोलिक-सांस्कृतिक परिदृश्य--जम्मू कश्मीर _977813 |
||
| 650 |
_aआतंकवाद का समाज पर प्रभाव _977814 |
||
| 650 |
_aGeo-cultural landscape --J & K _977815 |
||
| 650 |
_aThe impact of terrorism on society _977816 |
||
| 942 |
_2ddc _cHN _h954.11 _mजुगरा |
||
| 999 |
_c117984 _d117984 |
||